Les 5 Capitales les plus proches d'Athènes, Tirana, Skopje, Pristina et Podgorica - Statistiques

Statistiques générales
  • Ce quiz a été pris 86 fois
  • Le résultat moyen est 7 sur 7
Statistiques - réponses
Réponse % Correct
Tirana
99%
Pristina
96%
Skopje
96%
Podgorica
94%
Sofia
91%
Belgrade
89%
Sarajevo
88%
Aucun quiz correspondant
Distribution des résultats
% des personnes avec chaque résultat
Percentile par nombre de réponses
Votre historique - résultats
Vous n’avez pas pris ce quiz